000 00987nam a22001817a 4500
003 BR-ViAPE
005 20260602124535.0
008 260602s1870 por gs||||s000 0 por d
040 _cBR-ViAPE
245 _aAlgumas considerações sobre o discurso do nobre Senador pela Província do Espírito Santo em 13 de setembro de 1869 com relação á estrada de ferro projetada de Santa Catarina a S. Pedro do Sul po José Dias da Cruz Lima
260 _aRio de Janeiro
_bTyp. de J. L. Vianna
_c1870
300 _a18 p.
_bDocumento digitalizado (PDF)
500 _aDocumento digitalizado do acervo institucional do Arquivo Público do Estado do Espírito Santo - APEES.
650 _aAdministração pública
_xDiscurso
_zEspírito Santo (Província)
651 _aEspírito Santo (Brasil)
856 _uhttps://ape.es.gov.br/Media/ape/PDF/Livros/Livros_Historicos/Obras_raras/seculo_XIX/APEES_OR_algumas_consid_sobre_1870.pdf
_yCLIQUE AQUI PARA ACESSAR O DOCUMENTO
942 _2ddc
_cOBRAS_RARA
_n1
999 _c757
_d757